000
00311nam a22001337a 4500
020
_a
93-5085-859-2
082
_a
823
_b
TIN/S
100
_a
TINKLE
245
_a
SHIKARI SHAMBU ON THE RUN
260
_a
MUMBAI
_b
AMAR CHITRA KATHA PVT LTD
_c
2022
300
_a
72
650
_a
COMIC FOR CHILDREN
_z
INDIA
942
_c
BK
999
_c
7039
_d
7039